000 00305nam a22001457a 4500
008 210511b ||||| |||| 00| 0 eng d
020 _a9780314045607
041 _aeng
080 _25th
_a34
082 _a34
100 _a16
101 _aJUR
245 _aCriminology
_cSiegel,L.J
942 _2udc
_cBK
999 _c57181
_d57181